000 00781cam a2200325 4500
001 B3458
008 090401t1990 xxu||||| |||| 00| 0 eng d
035 _a(Sirsi) u56110
041 _aeng
050 _a333.33709492
110 _aMuller International
_92819
245 _aMarket report 1990: commercial property in the Netherlands
260 _aAmsterdam
_bMuller International
_c1990
300 _a24p. : ill. ; 30cm.
350 _a22.95
650 _aAMERSFOORT
650 _aAMSTERDAM
650 _aARNHEM
650 _aEINDHOVEN
650 _aGRONINGEN
650 _aHAGUE
650 _aMAASTRICHT
650 _aOFFICES
650 _aROTTERDAM
650 _aSHOPS
650 _aUTRECHT
650 _aWAREHOUSES
942 _n0
948 _c04/03/1997
999 _c93720
_d93720